SAT Words HARD Click Quiz - T #2 - Statistics

General Stats
  • This quiz has been taken 275 times
  • The average score is 11 of 15
Answer Stats
Hint Answer % Correct
Violate a rule or law Transgress
90%
Excite in a minor or trivial way Titillate
88%
House of worship Tabernacle
86%
Change into a different form or appearance Transmogrify
86%
Private meeting, especially of lovers Tryst
85%
Twisting force or stress Torsion
80%
Implied or understood without explicit statement Tacit
79%
Chaotic noise and confusion Tumult
79%
Timid or fearful Timorous
70%
Delay a negotiation or discussion; stall Temporize
62%
Dark and gloomy Tenebrous
59%
Evade definitive action or commitment Tergiversate
59%
Beginner, novice Tyro
58%
Ferociously assertive; aggressive Truculent
51%
Alarm bell; warning signal Tocsin
44%
No matching quizzes found
Score Distribution
Percent of People with Each Score
Percentile by Number Answered
Your Score History
You have not taken this quiz